Top 10 most populated countries in the world. - Statistics

General Stats
  • This quiz has been taken 24 times
  • The average score is 9 of 10
Answer Stats
Population Answer % Correct
211 million Brazil
100%
1.45 billion India
100%
144 million Russia
100%
334 million United States
100%
1.42 billion China
95%
173 million Bangladesh
90%
283 million Indonesia
90%
232 million Nigeria
90%
251 million Pakistan
90%
132 million Ethiopia
60%
No matching quizzes found
Score Distribution
Percent of People with Each Score
Percentile by Number Answered
Your Score History
You have not taken this quiz